000 01682cam a2200265 4500
001 ABS62614
008 000000n2000 000 0 eng u
035 _a(Sirsi) u107540
245 _aBerry v Newport BC
260 _c2000
490 _aEstates Gazette Law Reports
_v[2000] 29 EG 127-130(4)
520 _aCA 16 March 2000. In 1988 B bought the house of which she had been the tenant from N under the right-to-buy provisions of the Housing Act 1985. At the time the open market value of the property was £25,000. B was entitled to a 59% discount and so paid £10,250. Unknown to both parties, at the time, the house was of a Hawksley SGS type that contained steel embedded in concrete columns. As the steel was liable to rust the Hawksley type properties had been designated defective houses under the Housing Act 1985 s563(1). N accepted that they were in breach of their duty under the Housing Act 1985 s563(1) in that they sold to B without disclosure of defects. B appealed the decision of awarded damages that represented the difference between what she paid, and what the judge considered long-term the house was worth, a sum of £3,485. B contended that the damages should have reflected the financial assistance originally obtainable under the Housing Defects Act 1984. 'Held' the appeal was dismissed.
590 _aABS
650 _aBERRY V NEWPORT BC
650 _aHOUSING DEFECTS ACT 1984
650 _aDUTY OF CARE
650 _aNEGLIGENCE
650 _aDAMAGES
650 _aHAWKSLEY SGS HOUSES
650 _aDEFECTIVE HOUSES
650 _aHOUSING ACT 1985 S563(1)
650 _aDIMINUTION IN VALUE
690 _aHOUSING-CASE LAW
942 _n0
999 _c64277
_d64277